The face of Old Testament studies : (Record no. 3835)
[ view plain ]
| 000 -LEADER | |
|---|---|
| fixed length control field | 00656cam a22001934a 4500 |
| 001 - CONTROL NUMBER | |
| control field | 3576916 |
| 005 - DATE AND TIME OF LATEST TRANSACTION | |
| control field | 20250213161359.0 |
| 008 - FIXED-LENGTH DATA ELEMENTS--GENERAL INFORMATION | |
| fixed length control field | 990617s1999 miu b 001 0 eng |
| 020 ## - INTERNATIONAL STANDARD BOOK NUMBER | |
| International Standard Book Number | 0801022150 (Baker Books) |
| 020 ## - INTERNATIONAL STANDARD BOOK NUMBER | |
| International Standard Book Number | 0851117740 (Apollos) |
| 050 00 - LIBRARY OF CONGRESS CALL NUMBER | |
| Classification number | BS1193 |
| Item number | .F33 1999 |
| 082 00 - DEWEY DECIMAL CLASSIFICATION NUMBER | |
| Classification number | 221.6/09/045 |
| Edition information | 21 |
| 245 04 - TITLE STATEMENT | |
| Title | The face of Old Testament studies : |
| Remainder of title | a survey of contemporary approaches / |
| Statement of responsibility, etc. | edited by David W. Baker and Bill T. Arnold. |
| 260 ## - PUBLICATION, DISTRIBUTION, ETC. | |
| Place of publication, distribution, etc. | Grand Rapids, Mich. : |
| Name of publisher, distributor, etc. | Baker Books : |
| -- | Apollos, |
| Date of publication, distribution, etc. | c1999. |
| 300 ## - PHYSICAL DESCRIPTION | |
| Extent | 512 p. ; |
| Dimensions | 24 cm. |
| 700 1# - ADDED ENTRY--PERSONAL NAME | |
| Personal name | Baker, David W. |
| Fuller form of name | (David Weston), |
| Dates associated with a name | 1950- |
| 700 1# - ADDED ENTRY--PERSONAL NAME | |
| Personal name | Arnold, Bill T. |
| 942 ## - ADDED ENTRY ELEMENTS (KOHA) | |
| Source of classification or shelving scheme | Library of Congress Classification |
| Koha item type | Books |
| Suppress in OPAC | No |
| 999 ## - | |
| -- | 3835 |
| -- | 3835 |
| Withdrawn status | Lost status | Source of classification or shelving scheme | Damaged status | Not for loan | Collection | Home library | Current library | Shelving location | Date acquired | Total checkouts | Full call number | Barcode | Date last seen | Copy number | Price effective from | Koha item type |
|---|---|---|---|---|---|---|---|---|---|---|---|---|---|---|---|---|
| Library of Congress Classification | Non-fiction | Graduate Library (Christ Temple) | Graduate Library (Christ Temple) | General stacks | 02/13/2025 | BS 1193 FAC | GSCT00000487 | 02/13/2025 | 1 | 02/13/2025 | Books | |||||
| Library of Congress Classification | Non-fiction | Main Library (Kumasi) | Main Library (Kumasi) | Processing center | 04/21/2026 | BS1193.F33 FAC | bssk00000078 | 04/21/2026 | 04/21/2026 | Books |